Blockchain, aké možnosti skrýva?
Blockchain – decentralizovaná databáza transakcií alebo operácii vo verejnej alebo privátnej sieti, ktorá dôveryhodne identifikuje pôvodcu a jeho súhlas s transakciou, ako aj príjemcu. Príklady, možnosti a využitie blockchainu.
Saved in:
| Main Author: | |
|---|---|
| Format: | Book Chapter |
| Language: | Slovak |
| Subjects: | |
| Tags: |
No Tags, Be the first to tag this record!
|
MARC
| LEADER | 00000naa a2200000 4500 | ||
|---|---|---|---|
| 001 | 0230157 | ||
| 005 | 20221104110336.4 | ||
| 041 | 0 | |a slo | |
| 044 | |a CZ | ||
| 245 | 1 | 0 | |a Blockchain, aké možnosti skrýva? |c Michal Okresa |
| 520 | |a Blockchain – decentralizovaná databáza transakcií alebo operácii vo verejnej alebo privátnej sieti, ktorá dôveryhodne identifikuje pôvodcu a jeho súhlas s transakciou, ako aj príjemcu. Príklady, možnosti a využitie blockchainu. | ||
| 610 | 2 | 0 | |a technológie informačné |
| 610 | 2 | 0 | |a technológie komunikačné |
| 610 | 2 | 0 | |a spracovanie dát |
| 610 | 2 | 0 | |a centrá dátové |
| 610 | 2 | 0 | |a inštitúcie finančné |
| 610 | 2 | 0 | |a operácie bankové |
| 100 | 1 | |a Okresa, Michal | |